| 000 | 00882nam a22002417a 4500 | ||
|---|---|---|---|
| 005 | 20090605123722.0 | ||
| 008 | 090605t xxu||||| |||| 00| 0 eng d | ||
| 010 | _aENG-93897 | ||
| 020 |
_c695.00 _a9788131305621 |
||
| 035 | _aEN-77430 | ||
| 037 | _bDBAD / PUB | ||
| 040 |
_adpl _bEnglish |
||
| 082 | _a808.6 | ||
| 100 | _aKleiser, Grenville | ||
| 245 |
_aStandard letters / _cby Grenville Kleiser |
||
| 260 |
_aNew Delhi _bAPH Publishing Corporation _c2009 |
||
| 270 |
_a4435-36/7, Ansari Road, Daryaganj _bNew Delhi _e110002 |
||
| 300 |
_av, 272p. _c25cm(Hb) |
||
| 500 | _aIncludes bibliographical references | ||
| 650 | _aLetter writing | ||
| 942 |
_2ddc _cEN _mKLE _h808.6 |
||
| 999 |
_c27257 _d27257 |
||